000 03086nam0a2200385 4500
001 RU\NLR\BIBL_A\012077293
005 20201130162831.0
010 _a978-5-7444-4508-9
_9500
021 _aRU
_bКН-П-19-051896
_9КН-П-19-3754
035 _a(NLR Aleph) 012077293
035 _a(RuMoRGB)010036940
090 _a11785811
_c11785811
100 _a20190819d2019 k y0rusy50 ca
101 0 _arus
_aeng
102 _aRU
105 _aab||zzzz1||zy
200 1 _aТихоокеанская археология: технологии, миграции, адаптации и материальная культура в древности
_dPacific archaeology: technologies, migrations, adaptations and material culture in the ancient time
_e2-й Международный симпозиум, Владивосток, 6-9 мая 2019 г.
_eтезисы докладов
_fДальневосточный федеральный университет, Школа искусств и гуманитарных наук [и др.
_gответственный редактор: к.ист.н. А. Н. Попов]
210 _aВладивосток
_cИзд-во ДВФУ
_d2019
215 _a56, [1] с.
_cил., карт.
_d21 см
300 _aЗагл. обл.: Второй Международный симпозиум "Тихоокеанская археология: технологии, миграции, адаптации и материальная культура в древности"
300 _aТекст рус., англ.
320 _aБиблиогр. в конце ст.
510 1 _aPacific archaeology: technologies, migrations, adaptations and material culture in the ancient time
_zeng
512 1 _aВторой Международный симпозиум "Тихоокеанская археология: технологии, миграции, адаптации и материальная культура в древности"
607 _aАзиатско-Тихоокеанские страны
_jСъезды, совещания и т.п
_xАрхеологические исследования
_92565645
_3RU\NLR\AUTH\661517435
686 1 _aТ4(54,5)я431
702 1 _4340
_7ca
_8rus
_aПопов
_bА. Н.
_cканд. ист. наук, археолог
_f1966-
_gАлександр Николаевич
_95880
_3RU\NLR\AUTH\7722825
711 1 2 _a"Тихоокеанская археология: технологии, миграции, адаптации и материальная культура в древности", международный симпозиум
_d2
_eВладивосток
_f2019
_9675407
_3RU\NLR\AUTH\880507637
712 0 2 _4570
_aДальневосточный федеральный университет
_bШкола искусств и гуманитарных наук
_cВладивосток
_9618556
_3RU\NLR\AUTH\880478880
942 _cBOOK
980 _aNBR
980 _aNB